LEADER 01260nam--2200373---450- 001 990001079370203316 005 20091020131939.0 010 $a2-865-92-104-2 035 $a000107937 035 $aUSA01000107937 035 $a(ALEPH)000107937USA01 035 $a000107937 100 $a20020510d2001----km-y0itay0103----ba 101 $afre 102 $aFR 105 $ay|||z|||001yy 200 1 $a<> éclats de l'Empire ou la communauté des états indépendants (CEI)$fYouri Roubinski 210 $aParis$cIfri, Institut frnçais des relations internationales$dcopyr.2001 215 $a163 p.$d21 cm 225 2 $a<> cahiers de l'Ifri$v33 410 0$12001$a<> cahiers de l'Ifri 606 0 $aComunità di stati indipendenti 676 $a341.026447 700 1$aROUBINSKI,$bYouri$0553775 801 0$aIT$bsalbc$gISBD 912 $a990001079370203316 951 $aXXIII.2.D. 68 (IG VIII 10 340)$b33031 G.$cXXIII.2.D. 68 (IG VIII)$d00081626 959 $aBK 969 $aGIU 979 $aPAOLA$b90$c20020510$lUSA01$h1103 979 $aPATRY$b90$c20040406$lUSA01$h1715 979 $aRSIAV5$b90$c20091020$lUSA01$h1319 996 $aÉclats de l'Empire ou la communauté des états indépendants (CEI$9979119 997 $aUNISA LEADER 01516nam 2200325z- 450 001 9910694098603321 005 20060622165924.0 035 $a(CKB)5860000000021828 035 $a(BIP)013482153 035 $a(EXLCZ)995860000000021828 100 $a20220406c2005uuuu -u- - 101 0 $aeng 200 10$aEmploying federal workforce flexibilities $ea progress report : hearing before the Oversight of Government Management, the Federal Workforce and the District of Columbia Subcommittee of the Committee on Homeland Security and Governmental Affairs, United States Senate, One Hundred Ninth Congress, first session, April 21, 2005 215 $a1 online resource (iii, 140 p.) $cill 311 $a0-16-075207-8 517 $aEmploying federal workforce flexibilities 606 $aHuman capital$zUnited States 606 $aCivil service$zUnited States$xPersonnel management 607 $aUnited States$xOfficials and employees$xPersonnel management 610 $aHuman capital 610 $aCivil service 610 $aBusiness & economics 610 $aPolitical science 615 0$aHuman capital 615 0$aCivil service$xPersonnel management. 712 02$aUnited States, Congress Senate Committee on Homeland Security and Governmental Affairs Subcommittee on Oversight of Government Management, the Federal Workforce, and the District of Columbia Staff,$4oth 906 $aBOOK 912 $a9910694098603321 996 $aEmploying federal workforce flexibilities$93201036 997 $aUNINA